[Event "27. Open Internacional de Andorra"]
[Site "Andorra"]
[Date "2009.07.18"]
[Round "1.1"]
[White "Spraggett, Kevin"]
[Black "Anuprita, Patil"]
[Result "1-0"]
[WhiteElo "2606"]
[BlackElo "2059"]
[PlyCount "152"]
[EventDate "2009.07.18"]
[EventType "swiss"]
[EventRounds "9"]
[EventCountry "AND"]
[Source "lmi"]
[SourceDate "2009.07.18"]

1. c4 c5 2. Nc3 Nc6 3. g3 g6 4. Bg2 Bg7 5. Nf3 d6 6. O-O e6 7. d3 Nge7 8. Bg5
O-O 9. a3 a5 10. Rb1 h6 11. Bd2 Rb8 12. Nb5 e5 13. Ne1 Be6 14. Nc2 d5 15. cxd5
Bxd5 16. Bxd5 Nxd5 17. b4 axb4 18. axb4 cxb4 19. Nxb4 Ndxb4 20. Bxb4 Nxb4 21.
Rxb4 Qd7 22. Qb3 Kh7 23. Nc3 Rfc8 24. Nd5 Rc5 25. e4 b5 26. Kg2 f5 27. Rb1 Rb7
28. h3 Rb8 29. Rb2 g5 30. Ne3 f4 31. Nf5 fxg3 32. fxg3 Rb7 33. Rd2 Qc6 34. Qa2
Rd7 35. Ne3 Rc1 36. Rb1 Rxb1 37. Qxb1 Qc3 38. Rd1 Rb7 39. Nd5 Qd4 40. Rf1 b4
41. Qb3 Qc5 42. Rf2 Qa5 43. Ra2 Qc5 44. Rc2 Qa7 45. Rc8 Rf7 46. Ne3 Rf8 47.
Rxf8 Bxf8 48. Kf3 Qd7 49. Nf5 Bg7 50. h4 gxh4 51. gxh4 Qb5 52. Ke2 Qc5 53. Ne3
Qe7 54. Nf5 Qc5 55. h5 Kh8 56. Ne3 Kh7 57. Qf7 Qc3 58. Qc4 Qxc4 59. Nxc4 Kg8
60. Ne3 Kf7 61. Nd5 Bf8 62. Kd2 Bc5 63. Kc2 Bf2 64. Kb3 Be1 65. Kc4 Bd2 66.
Nxb4 Bxb4 67. Kxb4 Kf6 68. Kc5 Kg5 69. Kd6 Kxh5 70. Kxe5 Kg4 71. Kf6 h5 72. e5
h4 73. e6 h3 74. e7 h2 75. e8=Q h1=Q 76. Qe4+ Qxe4 1-0

[Event "27. Open Internacional de Andorra"]
[Site "Andorra"]
[Date "2009.07.18"]
[Round "1.4"]
[White "Reyniers, Pieter"]
[Black "Marin, Mihail"]
[Result "0-1"]
[WhiteElo "2046"]
[BlackElo "2583"]
[PlyCount "88"]
[EventDate "2009.07.18"]
[EventType "swiss"]
[EventRounds "9"]
[EventCountry "AND"]
[Source "lmi"]
[SourceDate "2009.07.18"]

1. e4 Nf6 2. e5 Nd5 3. d4 d6 4. Nf3 g6 5. Bc4 Nb6 6. Bb3 Bg7 7. Ng5 e6 8. Qf3
Qd7 9. Ne4 dxe5 10. Nf6+ Bxf6 11. Qxf6 Rg8 12. dxe5 Qd4 13. Nc3 N8d7 14. Be3
Qxc3+ 15. bxc3 Nxf6 16. exf6 Bd7 17. O-O-O Bc6 18. f3 Nd7 19. Rhe1 O-O-O 20.
Bd4 g5 21. h3 Rg6 22. Bc4 Nxf6 23. Bd3 Rh6 24. Re5 Rd5 25. Rde1 Rh4 26. Rxd5
Nxd5 27. Re5 h6 28. Bf2 Ra4 29. Kb2 Nf4 30. Bf1 Bd5 31. a3 Bc4 32. Re4 b5 33.
Bxc4 Rxc4 34. Rxc4 bxc4 35. g3 Ne2 36. Bxa7 Nxg3 37. Bf2 Nf1 38. Kc1 Nh2 39.
Kd2 Nxf3+ 40. Ke3 Ne5 41. Bg3 Ng6 42. Kf3 f5 43. a4 Kb7 44. a5 e5 0-1

[Event "27. Open Internacional de Andorra"]
[Site "Andorra"]
[Date "2009.07.18"]
[Round "1.6"]
[White "Alsina Franco, Sergi"]
[Black "Movsziszian, Karen"]
[Result "0-1"]
[WhiteElo "2036"]
[BlackElo "2570"]
[PlyCount "45"]
[EventDate "2009.07.18"]
[EventType "swiss"]
[EventRounds "9"]
[EventCountry "AND"]
[Source "lmi"]
[SourceDate "2009.07.18"]

1. e4 c5 2. c3 g6 3. d4 cxd4 4. Qxd4 Nf6 5. Nf3 Nc6 6. Qa4 Qc7 7. Be2 Bg7 8.
Na3 O-O 9. h3 a6 10. O-O d6 11. Rd1 Bd7 12. Qc2 b5 13. Bf1 Rfc8 14. Bd2 h6 15.
Qc1 Kh7 16. Nc2 e5 17. a4 Na5 18. Ra3 bxa4 19. Nb4 Qb7 20. Qb1 Nc4 21. Ra2 a5
22. Bxc4 Rxc4 23. Qd3 0-1

[Event "27. Open Internacional de Andorra"]
[Site "Andorra"]
[Date "2009.07.18"]
[Round "1.8"]
[White "Salminen, Jussi"]
[Black "Narciso Dublan, Marc"]
[Result "0-1"]
[WhiteElo "2024"]
[BlackElo "2553"]
[PlyCount "56"]
[EventDate "2009.07.18"]
[EventType "swiss"]
[EventRounds "9"]
[EventCountry "AND"]
[Source "lmi"]
[SourceDate "2009.07.18"]

1. Nf3 Nf6 2. c4 e6 3. g3 d5 4. Bg2 g6 5. b3 Bg7 6. Bb2 O-O 7. O-O b6 8. d3 Bb7
9. Nbd2 c5 10. cxd5 exd5 11. d4 Na6 12. Ne5 cxd4 13. Bxd4 Qe7 14. Nd3 Nc7 15.
Rc1 Ne6 16. Bc3 Rfc8 17. Nf3 d4 18. Bxd4 Nxd4 19. Nxd4 Ne4 20. Rxc8+ Rxc8 21.
e3 Nc3 22. Qd2 Bxg2 23. Kxg2 Bxd4 24. exd4 Qe4+ 25. f3 Qxd4 26. Qc2 Rd8 27. Nf4
Nd1 28. Ne2 Ne3+ 0-1

[Event "27. Open Internacional de Andorra"]
[Site "Andorra"]
[Date "2009.07.18"]
[Round "1.9"]
[White "Damljanovic, Branko"]
[Black "Schut, Donna"]
[Result "1-0"]
[WhiteElo "2551"]
[BlackElo "2019"]
[PlyCount "109"]
[EventDate "2009.07.18"]
[EventType "swiss"]
[EventRounds "9"]
[EventCountry "AND"]
[Source "lmi"]
[SourceDate "2009.07.18"]

1. d4 d5 2. c4 c6 3. Nf3 Nf6 4. Nc3 e6 5. Bg5 dxc4 6. a4 Bb4 7. e4 Qa5 8. Bd2
O-O 9. Bxc4 c5 10. d5 exd5 11. Bxd5 Nxd5 12. Nxd5 Nc6 13. Nxb4 cxb4 14. O-O Bg4
15. h3 Bh5 16. Re1 Rfe8 17. Re3 Rad8 18. g4 Bg6 19. Qe1 Qb6 20. e5 a5 21. b3
Qc5 22. Rc1 Qd5 23. Rc4 Bd3 24. Rf4 Bc2 25. Kh2 Bxb3 26. Qb1 Bc4 27. Qa1 Bd3
28. Bc1 Bc2 29. Bb2 Qd1 30. Qa2 b3 31. Qa3 Rd3 32. Re1 Rxf3 33. Rxd1 Rxf4 34.
Rd2 Nb4 35. Qa1 Nd3 36. Kg3 Re4 37. Rxd3 Bxd3 38. Qd1 Bc2 39. Qd7 Rf8 40. Qxb7
h6 41. Qc7 Ra8 42. f4 Re2 43. Bc3 Re3+ 44. Kf2 Rxc3 45. Qxc3 Rb8 46. Qc7 Rb4
47. Ke3 Rxa4 48. f5 Rb4 49. Qd8+ Kh7 50. Qf8 Re4+ 51. Kd2 Rxe5 52. Qxf7 Rc5 53.
f6 Rg5 54. Qe7 a4 55. f7 1-0

[Event "27. Open Internacional de Andorra"]
[Site "Andorra"]
[Date "2009.07.18"]
[Round "1.10"]
[White "Gomez Oliveros, Hilario"]
[Black "Brunello, Sabino"]
[Result "0-1"]
[WhiteElo "2018"]
[BlackElo "2547"]
[PlyCount "72"]
[EventDate "2009.07.18"]
[EventType "swiss"]
[EventRounds "9"]
[EventCountry "AND"]
[Source "lmi"]
[SourceDate "2009.07.18"]

1. Nf3 Nf6 2. d4 e6 3. g3 b5 4. a4 b4 5. Bg2 Bb7 6. O-O d5 7. Nbd2 c5 8. c4
bxc3 9. bxc3 Nbd7 10. e4 dxe4 11. Ng5 cxd4 12. cxd4 Be7 13. Ndxe4 Bd5 14. Nxf6+
Nxf6 15. Bxd5 Qxd5 16. Qf3 O-O 17. Qxd5 Nxd5 18. h4 Rfc8 19. Ba3 Bxa3 20. Rxa3
Rab8 21. a5 Rb4 22. Nf3 f6 23. Raa1 Kf7 24. Rfb1 Rcc4 25. Rxb4 Rxb4 26. Rc1 Rb5
27. Ra1 Ke7 28. Kf1 Kd7 29. Ra4 Rb1+ 30. Kg2 Rb2 31. Ne1 Rb4 32. Rxb4 Nxb4 33.
Kf3 Nc6 34. Ke4 Nxa5 35. d5 Nb3 36. Nd3 a5 0-1

[Event "27. Open Internacional de Andorra"]
[Site "Andorra"]
[Date "2009.07.18"]
[Round "1.11"]
[White "Kogan, Artur"]
[Black "Gil Quilez, Sonia"]
[Result "1-0"]
[WhiteElo "2542"]
[BlackElo "2017"]
[PlyCount "75"]
[EventDate "2009.07.18"]
[EventType "swiss"]
[EventRounds "9"]
[EventCountry "AND"]
[Source "lmi"]
[SourceDate "2009.07.18"]

1. e4 c6 2. d4 d5 3. e5 c5 4. c3 Nc6 5. Ne2 Bf5 6. dxc5 e6 7. b4 Nxe5 8. Nd4
Nc6 9. Nxf5 exf5 10. Bd3 g6 11. O-O Bg7 12. Bf4 Nge7 13. b5 Ne5 14. Re1 Nxd3
15. Qxd3 O-O 16. Nd2 Re8 17. Nb3 h6 18. Rad1 g5 19. Bd6 Ng6 20. Qxd5 Bxc3 21.
Rxe8+ Qxe8 22. Qxb7 Rd8 23. h3 Qe2 24. Qf3 Qxf3 25. gxf3 Nf4 26. c6 Ne6 27. Rc1
Rxd6 28. Rxc3 Ng7 29. a4 Rd8 30. Nc5 Kf8 31. Nd7+ Ke7 32. Rc5 f4 33. a5 Kd6 34.
b6 axb6 35. axb6 Ne6 36. Rc1 f5 37. Rd1+ Ke7 38. b7 1-0

[Event "27. Open Internacional de Andorra"]
[Site "Andorra"]
[Date "2009.07.18"]
[Round "1.12"]
[White "Mortensen, Henrik"]
[Black "De la Riva Aguado, Oscar"]
[Result "0-1"]
[WhiteElo "2013"]
[BlackElo "2532"]
[PlyCount "106"]
[EventDate "2009.07.18"]
[EventType "swiss"]
[EventRounds "9"]
[EventCountry "AND"]
[Source "lmi"]
[SourceDate "2009.07.18"]

1. e4 c5 2. Nf3 e6 3. d4 cxd4 4. Nxd4 Nc6 5. Nb5 d6 6. c4 Nf6 7. N1c3 a6 8. Na3
Be7 9. Be2 O-O 10. O-O b6 11. Be3 Bb7 12. Qd2 Ne5 13. f3 Rc8 14. Rab1 Re8 15.
Rfc1 Bf8 16. Bf1 Ned7 17. Nc2 Qc7 18. Nd4 Qb8 19. b4 d5 20. cxd5 exd5 21. exd5
Qa8 22. Nc6 Bxc6 23. dxc6 Rxc6 24. a3 b5 25. Bf2 Ne5 26. Re1 Rd8 27. Qe3 Nc4
28. Bxc4 Rxc4 29. Rbc1 Rdc8 30. Ne2 a5 31. bxa5 Qxa5 32. Rb1 Bxa3 33. Ra1 Ra4
34. Nd4 Bf8 35. Rab1 b4 36. Nb3 Qa8 37. Qb6 Nd5 38. Qd4 Nc3 39. Rb2 Ra2 40. Rd2
Rxd2 41. Qxd2 Rd8 42. Qb2 Qd5 43. Bd4 Nb5 44. Bb6 Rb8 45. Bf2 h6 46. Re4 Nc3
47. Re1 Ra8 48. Nc1 Rd8 49. Nb3 Qd3 50. Nc5 Qc4 51. Ne4 Nxe4 52. Rxe4 Rd1+ 53.
Re1 Qd3 0-1

[Event "27. Open Internacional de Andorra"]
[Site "Andorra"]
[Date "2009.07.18"]
[Round "1.13"]
[White "Arizmendi Martinez, Julen Luis"]
[Black "Barruz Serrano, Antonio Angel"]
[Result "1-0"]
[WhiteElo "2528"]
[BlackElo "2008"]
[PlyCount "37"]
[EventDate "2009.07.18"]
[EventType "swiss"]
[EventRounds "9"]
[EventCountry "AND"]
[Source "lmi"]
[SourceDate "2009.07.18"]

1. Nf3 Nf6 2. c4 e6 3. Nc3 b6 4. g3 Bb7 5. Bg2 Be7 6. O-O O-O 7. Re1 d6 8. e4
c5 9. d4 cxd4 10. Nxd4 Qc8 11. Be3 Rd8 12. Rc1 Nbd7 13. f4 Nf8 14. Qe2 Rd7 15.
g4 Qc7 16. g5 Ne8 17. f5 Rc8 18. fxe6 fxe6 19. Bh3 1-0

[Event "27. Open Internacional de Andorra"]
[Site "Andorra"]
[Date "2009.07.18"]
[Round "1.14"]
[White "Ruiz Ureta, E."]
[Black "Vernay, Clovis"]
[Result "0-1"]
[WhiteElo "2001"]
[BlackElo "2463"]
[PlyCount "95"]
[EventDate "2009.07.18"]
[EventType "swiss"]
[EventRounds "9"]
[EventCountry "AND"]
[Source "lmi"]
[SourceDate "2009.07.18"]

1. e4 e6 2. Nf3 d5 3. exd5 exd5 4. d4 Bd6 5. Bd3 Bg4 6. O-O Nc6 7. c3 Nge7 8.
Re1 Qd7 9. b4 f6 10. Nbd2 a5 11. b5 Nd8 12. c4 Bb4 13. Qc2 dxc4 14. Qxc4 Bxf3
15. gxf3 Nf7 16. a3 Bxd2 17. Bxd2 O-O 18. Re4 Nf5 19. Rae1 Kh8 20. Rg4 Ng5 21.
Bxg5 fxg5 22. Qe6 Qxe6 23. Rxe6 Nh4 24. Be4 Nxf3+ 25. Bxf3 Rxf3 26. Re7 Rf5 27.
a4 Rc8 28. Rge4 Kg8 29. R4e5 Rf7 30. Rxf7 Kxf7 31. Rxg5 b6 32. Re5 Rd8 33. Re4
Rd6 34. f3 c6 35. bxc6 Rxc6 36. d5 Rd6 37. Rd4 Ke7 38. Kf2 Rh6 39. h4 Kd6 40.
Ke3 Rh5 41. Kd3 Rxd5 42. Ke4 Rxd4+ 43. Kxd4 g6 44. f4 h5 45. Ke4 b5 46. axb5 a4
47. Kd4 a3 48. Kc3 0-1

[Event "27. Open Internacional de Andorra"]
[Site "Andorra"]
[Date "2009.07.18"]
[Round "1.15"]
[White "Siebrecht, Sebastian"]
[Black "Pellicer Castillo, Josep Maria"]
[Result "1-0"]
[WhiteElo "2458"]
[BlackElo "1992"]
[PlyCount "49"]
[EventDate "2009.07.18"]
[EventType "swiss"]
[EventRounds "9"]
[EventCountry "AND"]
[Source "lmi"]
[SourceDate "2009.07.18"]

1. c4 e5 2. Nc3 Nf6 3. Nf3 Nc6 4. g3 d6 5. Bg2 Be7 6. O-O O-O 7. d4 exd4 8.
Nxd4 Nxd4 9. Qxd4 a6 10. b3 Re8 11. Bb2 Bf8 12. Rad1 Qe7 13. Rfe1 Qe5 14. Nd5
Nxd5 15. cxd5 Qxd4 16. Bxd4 Bd7 17. e4 Be7 18. f4 f6 19. Rc1 Rac8 20. Rc2 c5
21. Bb2 b5 22. e5 fxe5 23. fxe5 dxe5 24. d6 Bf5 25. Rf2 1-0

[Event "27. Open Internacional de Andorra"]
[Site "Andorra"]
[Date "2009.07.18"]
[Round "1.16"]
[White "Alvarez Fernandez, Jose Antonio"]
[Black "Vila Gazquez, Javier"]
[Result "0-1"]
[WhiteElo "1978"]
[BlackElo "2457"]
[PlyCount "38"]
[EventDate "2009.07.18"]
[EventType "swiss"]
[EventRounds "9"]
[EventCountry "AND"]
[Source "lmi"]
[SourceDate "2009.07.18"]

1. e4 c5 2. Nf3 e6 3. d4 cxd4 4. Nxd4 Nc6 5. Be3 Qc7 6. Be2 a6 7. a4 Nf6 8. f3
d5 9. exd5 Nxd5 10. Bf2 Bd7 11. c4 Bb4+ 12. Nd2 Nf4 13. O-O Qe5 14. N2b3 Rd8
15. Qc2 Nxd4 16. Nxd4 Bc5 17. Rad1 Bxd4 18. Bxd4 Nxe2+ 19. Kh1 Nxd4 0-1

[Event "27. Open Internacional de Andorra"]
[Site "Andorra"]
[Date "2009.07.18"]
[Round "1.17"]
[White "Huerga Leache, Mikel"]
[Black "Oliva Llorens, Antoni"]
[Result "1/2-1/2"]
[WhiteElo "2456"]
[BlackElo "1973"]
[PlyCount "99"]
[EventDate "2009.07.18"]
[EventType "swiss"]
[EventRounds "9"]
[EventCountry "AND"]
[Source "lmi"]
[SourceDate "2009.07.18"]

1. e4 e6 2. Nf3 d5 3. Nc3 dxe4 4. Nxe4 Nd7 5. d4 Ngf6 6. Bd3 Be7 7. Qe2 Nxe4 8.
Bxe4 O-O 9. O-O Nf6 10. Bd3 b6 11. b3 Bb7 12. Bb2 Qd5 13. Ba6 Qe4 14. Rfe1 Bxa6
15. Qxe4 Nxe4 16. Rxe4 Bb7 17. Re3 Bxf3 18. Rxf3 Bf6 19. Rd1 Rfd8 20. Rfd3 Rd7
21. f4 Rad8 22. Kf2 Kf8 23. Ba3+ Be7 24. Bxe7+ Kxe7 25. Ke3 g6 26. g4 h6 27. c4
c6 28. b4 g5 29. fxg5 hxg5 30. h3 f5 31. gxf5 exf5 32. a4 Rh8 33. Kf2 Kf6 34.
b5 cxb5 35. axb5 Rh4 36. c5 bxc5 37. dxc5 Rxd3 38. Rxd3 Rb4 39. c6 Rxb5 40. Rc3
Rb8 41. Ke3 Ke5 42. c7 Rc8 43. Rc5+ Ke6 44. Kd4 a5 45. Re5+ Kf6 46. Rc5 g4 47.
hxg4 fxg4 48. Kd5 Kf5 49. Kd6+ Kf4 50. Rxa5 1/2-1/2

[Event "27. Open Internacional de Andorra"]
[Site "Andorra"]
[Date "2009.07.18"]
[Round "1.18"]
[White "Blas Correa, Jordi"]
[Black "Shytaj, Luca"]
[Result "0-1"]
[WhiteElo "1965"]
[BlackElo "2455"]
[PlyCount "36"]
[EventDate "2009.07.18"]
[EventType "swiss"]
[EventRounds "9"]
[EventCountry "AND"]
[Source "lmi"]
[SourceDate "2009.07.18"]

1. d4 Nf6 2. Nc3 d5 3. Bg5 Nbd7 4. f3 c5 5. e4 cxd4 6. Qxd4 e5 7. Qa4 d4 8. Nb5
a6 9. O-O-O Be7 10. f4 Rb8 11. fxe5 axb5 12. Bxb5 Nxe4 13. Bxe7 Qxe7 14. Qxd4
Nec5 15. b4 Ne6 16. Qd3 O-O 17. Bxd7 Rd8 18. Nf3 Bxd7 0-1

[Event "27. Open Internacional de Andorra"]
[Site "Andorra"]
[Date "2009.07.18"]
[Round "1.19"]
[White "Dvirnyy, Daniyl"]
[Black "Brih, Touatia"]
[Result "1-0"]
[WhiteElo "2440"]
[BlackElo "1956"]
[PlyCount "93"]
[EventDate "2009.07.18"]
[EventType "swiss"]
[EventRounds "9"]
[EventCountry "AND"]
[Source "lmi"]
[SourceDate "2009.07.18"]

1. e4 e5 2. Nf3 d6 3. d4 exd4 4. Qxd4 Nc6 5. Bb5 Bd7 6. Bxc6 Bxc6 7. Nc3 Nf6 8.
Bg5 Be7 9. O-O-O h6 10. Be3 O-O 11. Qd3 Ng4 12. Nd4 Bf6 13. f4 Nxe3 14. Qxe3
Bxd4 15. Rxd4 Qe7 16. g4 f5 17. gxf5 Rxf5 18. Re1 Rh5 19. Rd2 Rf8 20. Rg1 Rh4
21. Rf2 Qf7 22. f5 Qf6 23. Rg6 Qe5 24. Re6 Qc5 25. Qxc5 dxc5 26. Kd2 Rf6 27.
Rxf6 gxf6 28. Ke3 b5 29. Rd2 Kf7 30. Nd5 h5 31. Nf4 Rg4 32. Rg2 Rxg2 33. Nxg2
Ke7 34. Nf4 b4 35. Nxh5 a5 36. h4 a4 37. a3 Kf7 38. Nf4 Be8 39. Ne6 c4 40. c3
bxa3 41. bxa3 c6 42. Nc5 Kg7 43. Nxa4 Kh6 44. Kf4 Kh5 45. Kg3 Bd7 46. Nc5 Be8
47. a4 1-0

[Event "27. Open Internacional de Andorra"]
[Site "Andorra"]
[Date "2009.07.18"]
[Round "1.20"]
[White "Bas Mas, Jose Joaquin"]
[Black "Zilberman, Yaacov"]
[Result "0-1"]
[WhiteElo "1955"]
[BlackElo "2439"]
[PlyCount "102"]
[EventDate "2009.07.18"]
[EventType "swiss"]
[EventRounds "9"]
[EventCountry "AND"]
[Source "lmi"]
[SourceDate "2009.07.18"]

1. e4 c5 2. Nf3 Nc6 3. c4 g6 4. d4 cxd4 5. Nxd4 Nf6 6. Nc3 d6 7. Be2 Nxd4 8.
Qxd4 Bg7 9. Bg5 O-O 10. Qd2 Be6 11. Rc1 Qa5 12. f3 Rfc8 13. b3 a6 14. Na4 Qxd2+
15. Kxd2 Rc6 16. Nc3 h6 17. Be3 Kf8 18. g4 Bd7 19. Nd5 Nxd5 20. exd5 Rcc8 21.
Rc2 e6 22. Rhc1 Ke7 23. f4 exd5 24. cxd5 Rxc2+ 25. Rxc2 Rc8 26. Rxc8 Bxc8 27.
h3 Bd7 28. Bb6 Bb2 29. Ke3 Ba3 30. Kf3 Bc5 31. Ba5 Bd4 32. Ke4 Bb2 33. f5 b5
34. Bd2 gxf5+ 35. gxf5 Kf6 36. Bxh6 Bxf5+ 37. Kf3 Bxh3 38. a4 Bd7 39. axb5 axb5
40. Bf4 Be5 41. Bd2 Kg6 42. Bd3+ f5 43. Bf4 Kf6 44. Bd2 Be8 45. Kf2 Bd4+ 46.
Kg3 Be5+ 47. Kf2 Bd4+ 48. Kg3 Ke5 49. Bf4+ Kxd5 50. Bxf5 Be5 51. Bxe5 Kxe5 0-1

[Event "27. Open Internacional de Andorra"]
[Site "Andorra"]
[Date "2009.07.19"]
[Round "2.1"]
[White "Berthelot, Yannick"]
[Black "Spraggett, Kevin"]
[Result "0-1"]
[WhiteElo "2295"]
[BlackElo "2606"]
[PlyCount "92"]
[EventDate "2009.07.18"]
[EventType "swiss"]
[EventRounds "9"]
[EventCountry "AND"]
[Source "lmi"]
[SourceDate "2009.07.18"]

1. e4 c5 2. Nf3 e6 3. d4 cxd4 4. Nxd4 a6 5. Bd3 Nf6 6. O-O d6 7. c4 Be7 8. Nc3
O-O 9. Kh1 Nbd7 10. f4 Qc7 11. Nf3 g6 12. Qe2 Re8 13. e5 Nh5 14. exd6 Bxd6 15.
Ng5 Nhf6 16. Nce4 Bf8 17. b3 Nxe4 18. Nxe4 b6 19. Bb2 Bb7 20. Rad1 Bxe4 21.
Bxe4 Rad8 22. Qf3 Bg7 23. Bxg7 Kxg7 24. Bc6 Re7 25. Rd3 Nb8 26. Rxd8 Qxd8 27.
Rd1 Qc7 28. Be4 Rd7 29. Rxd7 Nxd7 30. Qc3+ Nf6 31. g3 e5 32. Bf3 exf4 33. g4
Qc5 34. b4 Qf2 35. Bg2 f3 36. Qxf3 Qe1+ 37. Qf1 Qxb4 38. g5 Nh5 39. Bd5 Qe7 40.
Qf2 Qxg5 41. Qxf7+ Kh6 42. Qf8+ Ng7 43. Qf2 b5 44. Qb2 Qf4 45. Qe2 Nf5 46. Be4
Kg7 0-1

[Event "27. Open Internacional de Andorra"]
[Site "Andorra"]
[Date "2009.07.19"]
[Round "2.3"]
[White "Wiley, Tom E"]
[Black "Balogh, Csaba"]
[Result "0-1"]
[WhiteElo "2287"]
[BlackElo "2595"]
[PlyCount "42"]
[EventDate "2009.07.18"]
[EventType "swiss"]
[EventRounds "9"]
[EventCountry "AND"]
[Source "lmi"]
[SourceDate "2009.07.18"]

1. d4 Nf6 2. c4 e6 3. Nc3 Bb4 4. Qc2 O-O 5. a3 Bxc3+ 6. Qxc3 d5 7. cxd5 Ne4 8.
Qc2 exd5 9. Bf4 Bf5 10. Qxc7 Qxc7 11. Bxc7 Rc8 12. Bf4 Nc6 13. Rd1 Na5 14. g4
Bd7 15. f3 Nf6 16. Nh3 Ba4 17. Rd3 Rc2 18. b4 Nc4 19. Kf2 Re8 20. Bg5 Nd7 21.
Bh4 Nb2 0-1

[Event "27. Open Internacional de Andorra"]
[Site "Andorra"]
[Date "2009.07.19"]
[Round "2.5"]
[White "Raznikov, Danny"]
[Black "Peralta, Fernando"]
[Result "0-1"]
[WhiteElo "2270"]
[BlackElo "2574"]
[PlyCount "209"]
[EventDate "2009.07.18"]
[EventType "swiss"]
[EventRounds "9"]
[EventCountry "AND"]
[Source "lmi"]
[SourceDate "2009.07.18"]

1. d4 d5 2. c4 e6 3. Nf3 Nf6 4. g3 Bb4+ 5. Bd2 Be7 6. Bg2 O-O 7. O-O c6 8. Qc2
Nbd7 9. Bf4 a5 10. Rd1 Ne4 11. Nfd2 f5 12. Nxe4 fxe4 13. Nc3 Nf6 14. Qb3 Kh8
15. f3 exf3 16. Bxf3 dxc4 17. Qxc4 Nd5 18. Nxd5 exd5 19. Qd3 Bd6 20. Bxd6 Qxd6
21. Rf1 Bf5 22. e4 Bg6 23. Bg2 Rxf1+ 24. Rxf1 Re8 25. Rf4 dxe4 26. Qe3 h6 27.
h4 Rd8 28. h5 Bxh5 29. Rxe4 Bf7 30. a3 Bd5 31. Re7 Bxg2 32. Kxg2 Qd5+ 33. Kh2
Qh5+ 34. Kg2 Qd5+ 35. Kh2 b5 36. Qf4 Qh5+ 37. Kg2 Re8 38. Re5 Qg6 39. Qf3 Rxe5
40. dxe5 Kg8 41. Kh2 a4 42. Qc3 Kf7 43. Qd4 Qe6 44. Qe3 Qb3 45. Qf4+ Ke7 46.
Qd4 Qd5 47. Qa7+ Qd7 48. Qe3 Ke6 49. Qe4 Kf7 50. Qf4+ Ke7 51. Qb4+ Ke8 52. Qe4
Qe6 53. Qd4 Qd5 54. Qf4 Ke7 55. Qb4+ c5 56. Qxb5 Qxe5 57. Qxa4 Qxb2+ 58. Kh3
Qd4 59. Qa5 c4 60. Qb4+ Kf7 61. a4 Qd7+ 62. Kh2 Qc6 63. a5 c3 64. a6 Qxa6 65.
Qxc3 Qe2+ 66. Kg1 h5 67. Qc7+ Kg6 68. Qf4 Qd1+ 69. Kg2 Qd5+ 70. Kg1 Qf5 71. Qd4
Qf3 72. Kh2 Qf6 73. Qe4+ Kh6 74. Kg2 g6 75. Qe3+ Kg7 76. Qa7+ Qf7 77. Qd4+ Kh7
78. Qe5 Qa2+ 79. Kg1 Qc4 80. Qg5 Qe4 81. Qf6 Kg8 82. Qc3 Kf7 83. Qc5 Ke6 84.
Qg5 Qf5 85. Qe3+ Qe5 86. Qf3 Qd4+ 87. Kh2 Ke5 88. Qf7 Qg4 89. Qg7+ Kf5 90. Qf8+
Kg5 91. Qf2 Qe4 92. Kg1 Qd5 93. Kh2 Qe4 94. Qb2 Kg4 95. Qa2 Kf3 96. Qg2+ Ke3
97. Qb2 Qd3 98. Kg2 Qd5+ 99. Kh2 g5 100. Qc3+ Ke2 101. Qc2+ Qd2 102. Qc6 Ke3+
103. Kh1 Qe1+ 104. Kh2 Qe2+ 105. Kh3 0-1

[Event "27. Open Internacional de Andorra"]
[Site "Andorra"]
[Date "2009.07.19"]
[Round "2.7"]
[White "Kulkarni, Chinmay"]
[Black "Lopez Martinez, Josep Manuel"]
[Result "0-1"]
[WhiteElo "2259"]
[BlackElo "2555"]
[PlyCount "70"]
[EventDate "2009.07.18"]
[EventType "swiss"]
[EventRounds "9"]
[EventCountry "AND"]
[Source "lmi"]
[SourceDate "2009.07.18"]

1. e4 c5 2. Nf3 d6 3. d4 cxd4 4. Nxd4 Nf6 5. Nc3 a6 6. Be3 e5 7. Nb3 Be7 8. f3
h5 9. Be2 Be6 10. a4 Nbd7 11. a5 Rc8 12. O-O O-O 13. h3 h4 14. f4 Rxc3 15. bxc3
Nxe4 16. Bd3 Ng3 17. Re1 Qc7 18. Bd2 Qc6 19. Kh2 Bd5 20. Nd4 exd4 21. Rxe7 Nf6
22. Rb1 dxc3 23. Rb6 Qc8 24. Bc1 Bc6 25. Re1 Qc7 26. Be3 d5 27. Bd4 Qxf4 28.
Be5 Qg5 29. Bxc3 Nfe4 30. Bd4 Nf5 31. Bxe4 dxe4 32. Rxc6 Qg3+ 33. Kh1 Nxd4 34.
Rc4 Nf3 35. gxf3 exf3 0-1

[Event "27. Open Internacional de Andorra"]
[Site "Andorra"]
[Date "2009.07.19"]
[Round "2.8"]
[White "Narciso Dublan, Marc"]
[Black "Martinez Lopez, Ivan"]
[Result "1-0"]
[WhiteElo "2553"]
[BlackElo "2258"]
[PlyCount "105"]
[EventDate "2009.07.18"]
[EventType "swiss"]
[EventRounds "9"]
[EventCountry "AND"]
[Source "lmi"]
[SourceDate "2009.07.18"]

1. d4 d5 2. c4 dxc4 3. e3 e5 4. Bxc4 exd4 5. exd4 Nf6 6. Nf3 Bd6 7. O-O O-O 8.
Nc3 h6 9. Ne5 Nbd7 10. Re1 Nb6 11. Bb3 c6 12. Qf3 Nbd5 13. Nxd5 cxd5 14. Bf4
Bb4 15. Rec1 Be6 16. Nd3 Bd6 17. Nc5 Bxf4 18. Qxf4 Bc8 19. Re1 b6 20. Na4 Be6
21. Nc3 a6 22. Re3 b5 23. h3 Rc8 24. g4 Qc7 25. Qxc7 Rxc7 26. Kg2 Rd8 27. Rae1
Rc6 28. f3 Kf8 29. h4 g6 30. Ne2 Rdd6 31. Nf4 g5 32. hxg5 hxg5 33. Nh3 Nh7 34.
Rc3 Rxc3 35. bxc3 f6 36. Nf2 Kf7 37. Nd3 Nf8 38. Nc5 Bc8 39. a4 Ne6 40. axb5
axb5 41. Ra1 Nxc5 42. dxc5 Rd7 43. Ra5 Ke6 44. c6 Rc7 45. Rxb5 Kd6 46. Bxd5 Ra7
47. c4 Ra2+ 48. Kg3 f5 49. gxf5 Bxf5 50. Rb8 Rc2 51. Rf8 Bd3 52. Rf6+ Kc7 53.
Rf7+ 1-0

[Event "27. Open Internacional de Andorra"]
[Site "Andorra"]
[Date "2009.07.19"]
[Round "2.10"]
[White "Brunello, Sabino"]
[Black "Shiven, Khosla"]
[Result "1-0"]
[WhiteElo "2547"]
[BlackElo "2235"]
[PlyCount "67"]
[EventDate "2009.07.18"]
[EventType "swiss"]
[EventRounds "9"]
[EventCountry "AND"]
[Source "lmi"]
[SourceDate "2009.07.18"]

1. d4 Nf6 2. c4 g6 3. g3 Bg7 4. Bg2 O-O 5. Nc3 d6 6. Nf3 Nbd7 7. O-O e5 8. e3
Re8 9. a4 c6 10. b3 exd4 11. exd4 d5 12. cxd5 Nxd5 13. Nxd5 cxd5 14. Bf4 Nf6
15. Ne5 Bf5 16. Rc1 Rc8 17. Rxc8 Qxc8 18. Qd2 Bh3 19. Rc1 Qf5 20. Bxh3 Qxh3 21.
Qa5 a6 22. Qc7 Qe6 23. Qxb7 Nh5 24. Bd2 Bxe5 25. dxe5 Ng7 26. Bf4 d4 27. b4 Nh5
28. Bd2 Ng7 29. a5 Qa2 30. Bf4 Ne6 31. Bh6 Nf8 32. Qxa6 Qd5 33. Qf6 Ne6 34. Rc7
1-0

[Event "27. Open Internacional de Andorra"]
[Site "Andorra"]
[Date "2009.07.19"]
[Round "2.13"]
[White "Schut, Lisa"]
[Black "Arizmendi Martinez, Julen Luis"]
[Result "0-1"]
[WhiteElo "2212"]
[BlackElo "2528"]
[PlyCount "70"]
[EventDate "2009.07.18"]
[EventType "swiss"]
[EventRounds "9"]
[EventCountry "AND"]
[Source "lmi"]
[SourceDate "2009.07.18"]

1. e4 e6 2. d4 d5 3. e5 c5 4. c3 Qb6 5. Nf3 Nc6 6. a3 c4 7. Nbd2 Na5 8. g3 Bd7
9. h4 O-O-O 10. Bh3 f5 11. exf6 gxf6 12. O-O h5 13. Re1 Nh6 14. Nf1 Nb3 15. Rb1
Nxc1 16. Qxc1 Ng4 17. Qc2 Bd6 18. Ne3 Rdg8 19. Nd2 f5 20. Bxg4 hxg4 21. Nef1 f4
22. b3 Qc7 23. Kg2 cxb3 24. Qxb3 Rh6 25. c4 Bc6 26. c5 Be7 27. Qd1 Bd8 28. Nh2
f3+ 29. Kg1 Bxh4 30. gxh4 Rxh4 31. Ndf1 Rgh8 32. Nxf3 Rh1+ 33. Kg2 Qf4 34. N3h2
R8xh2+ 35. Nxh2 Qxh2# 0-1